000 00221 a2200097 4500
001 656
100 _aGriffiths,VS
245 _aElectronic of laboratory & process instruments
260 _a
_bChatto
_c
090 _c256
_d256
942 _aNUST-CAE
_cM
_c17335
999 _c235729
_d235729